MARC details
| 000 -CABECERA |
| campo de control de longitud fija |
01050nam a2200277 a 4500 |
| 001 - NÚMERO DE CONTROL |
| campo de control |
000024827 |
| 005 - FECHA Y HORA DE LA ÚLTIMA TRANSACCIÓN |
| campo de control |
20200930023407.0 |
| 008 - DATOS DE LONGITUD FIJA--INFORMACIÓN GENERAL |
| campo de control de longitud fija |
110203s1997 mx a r 000 | spa d |
| 020 ## - NÚMERO INTERNACIONAL ESTÁNDAR DEL LIBRO |
| Número Internacional Estándar del Libro |
9686849157 |
| 040 ## - FUENTE DE LA CATALOGACIÓN |
| Centro catalogador/agencia de origen |
DO-SdBNP |
| Lengua de catalogación |
spa |
| Centro/agencia transcriptor |
BNPHU |
| 082 ## - NÚMERO DE LA CLASIFICACIÓN DECIMAL DEWEY |
| Número de clasificación |
530.11 |
| Número de documento/Ítem |
N834m |
| 049 ## - FONDOS LOCALES (OCLC) |
| Fondos de biblioteca |
BNGR |
| 100 1# - ENTRADA PRINCIPAL--NOMBRE DE PERSONA |
| Nombre de persona |
Noreña Villaríos, Francisco |
| 9 (RLIN) |
50947 |
| 245 13 - MENCIÓN DE TÍTULO |
| Título |
La manzana de Einstein / |
| Mención de responsabilidad, etc. |
Francisco Noreñá Villaríos; ilustracción Juan Antonio Tonda Magallón. |
| 260 ## - PUBLICACIÓN, DISTRIBUCIÓN, ETC. |
| Lugar de publicación, distribución, etc. |
México, D.F. : |
| Nombre del editor, distribuidor, etc. |
ADN, Editores , |
| Fecha de publicación, distribución, etc. |
1997. |
| 300 ## - DESCRIPCIÓN FÍSICA |
| Extensión |
134 p. : |
| Otras características físicas |
il. ; |
| Dimensiones |
21 cm. |
| 490 1# - MENCIÓN DE SERIE |
| Mención de serie |
Viaje al Centro de la Ciencia |
| Designación de volumen o secuencia |
8. |
| 500 ## - NOTA GENERAL |
| Nota general |
Incluye glosario de terminos: p. 125-134 |
| 650 #4 - PUNTO DE ACCESO ADICIONAL DE MATERIA--TÉRMINO DE MATERIA |
| Término de materia o nombre geográfico como elemento de entrada |
Relatividad (física) |
| 9 (RLIN) |
31874 |
| 650 #4 - PUNTO DE ACCESO ADICIONAL DE MATERIA--TÉRMINO DE MATERIA |
| Término de materia o nombre geográfico como elemento de entrada |
Gravitación |
| 9 (RLIN) |
50948 |
| 650 #4 - PUNTO DE ACCESO ADICIONAL DE MATERIA--TÉRMINO DE MATERIA |
| Término de materia o nombre geográfico como elemento de entrada |
Filosofía de la relatividad |
| 9 (RLIN) |
50949 |
| 650 #4 - PUNTO DE ACCESO ADICIONAL DE MATERIA--TÉRMINO DE MATERIA |
| Término de materia o nombre geográfico como elemento de entrada |
Mecánica relativista |
| 9 (RLIN) |
50950 |
| 700 1# - PUNTO DE ACCESO ADICIONAL--NOMBRE DE PERSONA |
| Nombre de persona |
Tonda Magallón, Juan Antonio |
| Término indicativo de función/relación |
il. |
| 9 (RLIN) |
50951 |
| 710 2# - PUNTO DE ACCESO ADICIONAL--NOMBRE DE ENTIDAD CORPORATIVA |
| Nombre de entidad corporativa o nombre de jurisdicción como elemento de entrada |
Dirección General de Publicaciones del Consejo Nacional para la Cultura y las Artes. |
| 9 (RLIN) |
50952 |
| 830 #0 - PUNTO DE ACCESO ADICIONAL DE SERIE-TÍTULO UNIFORME |
| Título uniforme |
Viaje al Centro de la Ciencia; |
| Designación de volumen o secuencia |
8. |
| 9 (RLIN) |
48026 |